Bilecik Bilecik Bilecik Bilecik Bilecik

Salname-i vilayet-i Erzurum (1287/1870-1288/1871-1289/1872-1290/1873) : (Record no. 23988)

MARC details
000 -BAŞLIK
Sabit Uzunluktaki Kontrol Alanı 01291nam a22003737a 4500
001 - KONTROL NUMARASI
Control Dosyası 0024035
003 - KONTROL NUMARASI KİMLİĞİ
Kontrol Alanı KOHA_MİRAKIL
005 - EN SON İŞLEM TARİHİ ve ZAMANI
Kontrol Alanı 20260207002428.0
007 - FİZİKSEL TANIM SABİT ALAN - GENEL BİLGİ
Sabit uzunluklu kontrol alanı ta
008 - SABİT UZUNLUKTAKİ VERİ ÖGELERİ - GENEL BİLGİ
Sabit Alan 101109b2010 tu |||gr||||#||||0|tur |
020 ## - ISBN - ULUSLARARASI STANDART KİTAP NUMARASI
Isbn 9789754421576
040 ## - KATALOGLAMA KAYNAĞI
Özgün Kataloglama Kurumu TR-BiSEU
Kataloglama Dili tur
Çeviri Kurumu TR-BiSEU
Açıklama Kuralları rda
041 0# - DİL KODU
Metin ya da ses kaydının dil kodu tur
044 ## - YAYINLAYAN/ÜRETEN KURULUŞUN ÜLKE KODU
ISO country code tu
050 ## - SINIFLAMA ve YER NUMARASI
Sınıflama Numarası DS51.E79
Yer Numarası O43 2010
100 1# - KİŞİ ADI
Yazar Adı (Kişi adı) Okcu, Naci..
245 1# - ESER ADI BİLDİRİMİ
Başlık Salname-i vilayet-i Erzurum (1287/1870-1288/1871-1289/1872-1290/1873) :
Alt Eseradı vb. Erzurum il yıllığı/
Sorumluluk Bildirimi Naci. Okcu ; Naci Okcu, Hasan Akdağ.
264 #1 - ÜRERİM, YAYIN, DAĞITIM ve TELİF BİLDİRİMİ
Yayın yeri Erzurum :
Yayınlayan Atatürk Üniversitesi
Yayın tarihi 2010
300 ## - FİZİKSEL TANIMLAMA
Sayfa, Cilt vb. 461 sayfa: tablo; 25 cm.
336 ## - İÇERİK TÜRÜ
Content type term metin
Content type code txt
Source rdacontent
337 ## - MEDYA TÜRÜ
Media type term aracısız
Media type code n
Source rdamedia
338 ## - TAŞIYICI TÜRÜ
Carrier type term cilt
Carrier type code nc
Source rdacarrier
490 1# - DİZİ BİLDİRİMİ
Dizi Bildirimi Atatürk Üniversitesi Yayınları ;
Cilt Numarası No.
490 1# - DİZİ BİLDİRİMİ
Dizi Bildirimi 984.
490 1# - DİZİ BİLDİRİMİ
Dizi Bildirimi İlahiyat Fakültesi Yayınları ;
Cilt Numarası No 13.
490 1# - DİZİ BİLDİRİMİ
Dizi Bildirimi Araştırma Serisi ;
Cilt Numarası No 10.
650 #0 - KONU BAŞLIĞI EK GİRİŞ - KONU TERİMİ
Konusal terim veya coğrafi ad Erzurum İli (Turkey)--History.
9 (RLIN) 49301
650 #0 - KONU BAŞLIĞI EK GİRİŞ - KONU TERİMİ
Konusal terim veya coğrafi ad Erzurum İli (Turkey)--History--19th century.
9 (RLIN) 49302
830 1# - SERİ EK GİRİŞİ - TEKBİÇİM ESER ADI
Tekbiçim Başlık Atatürk Üniversitesi Yayınları ;
Volume number/sequential designation No.
9 (RLIN) 28654
830 1# - SERİ EK GİRİŞİ - TEKBİÇİM ESER ADI
Tekbiçim Başlık 984.
9 (RLIN) 49307
830 1# - SERİ EK GİRİŞİ - TEKBİÇİM ESER ADI
Tekbiçim Başlık İlahiyat Fakültesi Yayınları ;
Volume number/sequential designation No 13.
9 (RLIN) 17246
830 1# - SERİ EK GİRİŞİ - TEKBİÇİM ESER ADI
Tekbiçim Başlık Araştırma Serisi ;
Volume number/sequential designation No 10.
9 (RLIN) 49308
942 ## - EK GİRİŞ ÖGELERİ (KOHA)
Source of classification or shelving scheme Library of Congress Classification
Koha item type Book
Holdings
Materyal Türü Kalıcı Konum Mevcut Konum Raf Yeri Sınıflandırma Kaynağı Edinim Bilgisi Ana Konular Alt Konular Yer Numarası Demirbaş Numarası Fatura Tarihi Geri Çekilme Durumu Kayıp Durumu Hasarlı Durumu Kredi için değil Kayıt Tarih Toplam Ödünçverme Son Görülme Tarihi Son Kontrol Tarihi Genel / Bağış Notu
Book Prof. Dr. Azmi Özcan Kütüphanesi Prof. Dr. Azmi Özcan Kütüphanesi Uluğbey Salonu Library of Congress Classification Bağış DÜNYA TARİHİ (AVRUPA, ASYA, AFRİKA VB.) Asya DS51.E79 O43 2010 0024035 02/02/2026         09/11/2010 1 05/12/2024 05/12/2024 Genel Bağış